ISO 11228-1 : Ergonomics, manual handling : Part 1: Lifting, lowering and carrying : 2021-10
Gespeichert in:
| Format: | Buch |
|---|---|
| Sprache: | Englisch |
| Veröffentlicht: |
ISO
2021
|
| Schlagworte: | |
| Tags: |
Keine Tags, Fügen Sie das erste Tag hinzu!
|
MARC
| LEADER | 00000nam a22000003a 4500 | ||
|---|---|---|---|
| 001 | 0105400 | ||
| 003 | SK-STU | ||
| 005 | 20231006135610.7 | ||
| 007 | ta | ||
| 008 | 231006s ----xo-----e------000-0-----d | ||
| 040 | |a STU |b slo | ||
| 041 | 0 | |a eng | |
| 044 | |a xxk | ||
| 245 | 1 | 0 | |a ISO 11228-1 : |b Ergonomics, manual handling : Part 1: Lifting, lowering and carrying : 2021-10 |
| 260 | |b ISO |c 2021 | ||
| 300 | |a 65 s. | ||
| 650 | 0 | 7 | |a ergonómia |
| 996 | |b 284M089428 |c M* N-1723-1 |l MMKN |s A |a 24 |w 0105400_0001 | ||